000 00194nam a2200085Ia 4500
008 120527s9999 xx 000 0 und d
100 _aHOBSLEY&BOULOS
245 _aPathways in surgery
942 _cBK
999 _c25726
_d25726